000 00924nam2a22002171 4500
001 rc\406662
005 20250621134443.0
035 _a(NLR Aleph) 005805922
090 _a5343284
_c5343284
100 _a20030616d1988 |||y0rusy50 ca
101 0 _arus
102 _aRU
105 _ay |||||||||
200 1 _aДеревня на перепутье
_eРоман
215 _a446, [2] с.
461 0 _1001rc\406660
_12001#$aИзбранные произведения$eВ 2 т.$fЙонас Авижюс$gПер. с литов. В. Чепайтиса$g[Вступ. ст. А. Бучиса]$vТ. 2
_1700#1$aАвижюс$bЙ.$gЙонас$f1922-
_95343265
_aАвижюс, Й. (1922-)
_cМ.
_d1988
_fЙонас Авижюс
_nХудож. лит.
_oВ 2 т.
_tИзбранные произведения
_y5280002402
_vТ. 2
801 0 _aRU
_bNLR
_gpsbo
801 1 _aRU
_bELAR
_2rusmarc
852 _aNLR
_j88-3/9113
942 _cBOOK
980 _aNB